Random stock tickers - Statistics

General Stats
  • This quiz has been taken 66 times
  • The average score is 12 of 15
Answer Stats
Hint Answer % Correct
AMZN amazon
100%
NFLX netflix
100%
TSLA tesla
100%
GOOGL google
98%
AAPL apple
95%
COST costco
92%
NVDA nvidia
90%
META meta
86%
MCD mcdonalds
83%
AMD amd
81%
WMT walmart
81%
PLTR palantir
78%
HOOD robinhood
68%
AVGO broadcom
46%
MSTR microstategy
2%
No matching quizzes found
Score Distribution
Percent of People with Each Score
Percentile by Number Answered
Your Score History
You have not taken this quiz